Progresívne metódy odstraňovania mikropolutantov z odpadových vôd

Metódy odstraňovania mikropolutantov (drogy a liečivá) z odpadových vôd. Vodné rastliny a bórom dopované diamantové elektródy.

Guardado en:
Detalles Bibliográficos
Autor principal: Žabka, Dušan
Otros Autores: Horáková, Ivana
Formato: Capítulo de libro
Lenguaje:eslovaco
Materias:
Etiquetas: Agregar Etiqueta
Sin Etiquetas, Sea el primero en etiquetar este registro!

MARC

LEADER 00000naa a2200000 4500
001 0246787
005 20221104113004.9
041 0 |a slo 
044 |a SK 
245 1 0 |a Progresívne metódy odstraňovania mikropolutantov z odpadových vôd  |c Dušan Žabka, Ivana Horáková 
520 |a Metódy odstraňovania mikropolutantov (drogy a liečivá) z odpadových vôd. Vodné rastliny a bórom dopované diamantové elektródy. 
610 2 0 |a odpad 
610 2 0 |a drogy 
610 2 0 |a liečivá 
610 2 0 |a voda odpadová 
610 2 0 |a čistiarne vôd odpadových 
610 2 0 |a znečistenie vôd 
610 2 0 |a metódy 
610 2 0 |a inovácie environmentálne 
100 1 |a Žabka, Dušan 
700 1 |a Horáková, Ivana